Acerca de la ciudad
Wedi'i Gadw mewn:
| Prif Awdur: | |
|---|---|
| Fformat: | Llyfr |
| Iaith: | Sbaeneg |
| Cyhoeddwyd: |
Barcelona
Gustavo Gili SL
2015
|
| Rhifyn: | 1a. ed |
| Pynciau: | |
| Tagiau: |
Ychwanegu Tag
Dim Tagiau, Byddwch y cyntaf i dagio'r cofnod hwn!
|
MARC
| LEADER | 00000cam a2200000 a 4500 | ||
|---|---|---|---|
| 001 | UCE8706 | ||
| 003 | CL-VaPUC | ||
| 008 | 150827e20150000sp |||||||||||||||||spa|d | ||
| 020 | |a 9788425227530 | ||
| 082 | 0 | 4 | |a 711.4 |b KOO |2 21 |
| 100 | |a Koolhaas, Rem |e author |9 472666 | ||
| 245 | 1 | 0 | |a Acerca de la ciudad |
| 250 | |a 1a. ed | ||
| 300 | |a 111 p | ||
| 942 | |c BK | ||
| 945 | |d 20150827 16:13:00 |a dcastane | ||
| 260 | |a Barcelona |b Gustavo Gili SL |c 2015 | ||
| 650 | 0 | |a Urbanismo |9 255208 | |
| 650 | 0 | |a Ciudades |9 265474 | |
| 650 | 0 | |a Planificación urbana |9 258176 | |
| 583 | |a last modification |c 20150827 16:13:00 |k Rodrigo Vera | ||
| 999 | |c 360492 |d 360490 | ||
| 952 | |0 0 |1 0 |3 erb |4 0 |6 711_400000000000000_KOO_2015 |7 0 |8 A |9 470328 |a BIBARQ |b BIBARQ |i 5195969 |l 8 |m 1 |o 711.4 KOO 2015 |p 5195969 |r 2025-01-20 |s 2024-05-03 |w 2019-11-23 |y BK |z Catalogado en:20150827 |k ARQ | ||